000 00658nam a2200193 i 4500
001 184630
003 ES-MaACL
005 20230906222237.0
008 151028s1945 sp |||| | spa d
100 1 _aDíez de Triana, Desiderio.
_9139677
245 1 0 _aSanto Domingo de Guzmán, Apostol universitario /
_cpor Fr. Desiderio Díez de Triana.
260 _aBarcelona :
_bLabor,
_c1945.
300 _a184 p. :
_b8 lám. ;
_c19 cm.
490 1 _aColección Pro Ecclesia et Patria ;
_v25
600 0 4 _aDomingo de Guzmán
_cSanto.
_945135
830 0 _aColección Pro Ecclesia et Patria ;
_v25
_9192193
852 _aES-MaACL
_jC-29158
999 _c184630
_d184630